El viento de los reinos

Đã lưu trong:
Chi tiết về thư mục
Tác giả chính: Barquero, Efraín (Tác giả)
Định dạng: Sách
Ngôn ngữ:Tiếng Tây Ban Nha
Được phát hành: Santiago Nascimento 1967
Phiên bản:1a. ed
Những chủ đề:
Các nhãn: Thêm thẻ
Không có thẻ, Là người đầu tiên thẻ bản ghi này!

MARC

LEADER 00000cam a2200000 a 4500
001 UCD7555
003 CL-VaPUC
008 170331e19670000cl |||||||||||||||||spa|d
082 0 4 |a Ch861  |b BAR  |2 21 
100 0 |a Barquero, Efraín  |e author  |9 461715 
245 1 3 |a El viento de los reinos 
250 |a 1a. ed 
300 |a 133 p 
942 |c BK 
945 |d 20170331 00:58:00  |a dcastane 
260 |a Santiago  |b Nascimento  |c 1967 
650 0 |a Poesías chilenas   |9 265280 
650 0 |a Literatura chilena   |9 308278 
650 7 |a GENERACION DEL 50  |2 CL-VaPUC  |9 462917 
583 |a last modification  |c 20170331 00:58:00  |k Rodrigo Vera 
999 |c 367537  |d 367535 
952 |0 0  |1 0  |3 erb  |4 0  |6 CH_861_000000000000000_BAR_1967  |7 0  |8 A  |9 482483  |a BIBART  |b BIBART  |i 5239559  |o Ch861 BAR 1967  |p 5239559  |r 2023-01-11  |w 2019-11-24  |y BK  |z Catalogado en:20170331  |k ART